Roméo et Juliette : (Record no. 170287)

MARC details
000 -LEADER
campo de control de longitud fija 00724nam a22002055i 4500
001 - NÚMERO DE CONTROL
campo de control 170287
003 - IDENTIFICADOR DE NÚMERO DE CONTROL
campo de control ES-MaACL
005 - FECHA Y HORA DE LA ÚLTIMA TRANSACCIÓN
campo de control 20250718081357.0
008 - DATOS DE LONGITUD FIJA--INFORMACIÓN GENERAL
campo de control de longitud fija 090220q1900 fr 000 d fre d
080 ## - NÚMERO DE LA CLASIFICACIÓN DECIMAL UNIVERSAL
Número de la Clasificación Decimal Universal 782.1
100 1# - ENTRADA PRINCIPAL--NOMBRE DE PERSONA
Nombre de persona Barbier, Jules.
9 (RLIN) 25457
245 10 - MENCIÓN DEL TÍTULO
Título Roméo et Juliette :
Resto del título opéra en cinq actes /
Mención de responsabilidad, etc. : paroles de Jules Barbier et Michel Carré ; musique de Charles Gounod.
260 ## - PUBLICACIÓN, DISTRIBUCIÓN, ETC.
Lugar de publicación, distribución, etc. Paris :
Nombre del editor, distribuidor, etc. Librairie Théatrale,
Fecha de publicación, distribución, etc. [ca. 1900]
300 ## - DESCRIPCIÓN FÍSICA
Extensión 67 p. ;
Dimensiones 19 cm.
650 #4 - PUNTO DE ACCESO ADICIONAL DE MATERIA--TÉRMINO DE MATERIA
Término de materia o nombre geográfico como elemento de entrada Óperas-
Subdivisión de forma Libretos.
9 (RLIN) 137584
700 1# - ENTRADA AGREGADA--NOMBRE PERSONAL
Nombre de persona Carré, Michel.
9 (RLIN) 138040
700 1# - ENTRADA AGREGADA--NOMBRE PERSONAL
Nombre de persona Gounod, Charles,
Fechas asociadas al nombre 1818-1893
9 (RLIN) 240526
852 4# - LOCALIZACIÓN
Ubicación ES-MaACL
Número de control de estantería 2248-F-17
Nota libre - Biblioteca Jacinto Martínez Lacalle
Holdings
Estatus retirado Estado de pérdida Estado de daño No para préstamo Colección Biblioteca de origen Biblioteca actual Ubicación en estantería Fecha de adquisición Fuente de adquisición Total de préstamos Signatura topográfica completa Código de barras Visto por última vez Precio de reemplazo Tipo de ítem Koha
        Colección de folletos Biblioteca del Ateneo de Madrid Biblioteca del Ateneo de Madrid Depósito folletos 20/02/2009     2248-F-17 1178774 23/02/2023 23/02/2023 Folleto